00769nam a22002177a 450000100060000000300080000600500170001400800410003103500190007204000260009104100080011708200320012511000460015724500580020326000540026130000310031565000430034694200120038999900170040195201330041820273BD-RjUL20211209000537.0140227s1959 xxu||||| |||| 00| 0 eng d a(BD-RjUL)20335 aBD-RjULbengcBD-RjUL aeng04219a 624.18210202bROL 19592 a Broken Hill Proprietary Company.9624790 aRolled steel sections : properties and general data / aMelbourne : bBroken Hill Proprietary Co.,c 1959 a103 p. :b ill. ;c 23 cm. 0a Steel, Structural -- Tables. 962478 2ddccBK c20273d20273 00102ddc40718NFICaRUCLbRUCLcReadingd1976-08-13eGiftl0o624.18210202 ROL 1959r2014-02-27 00:00:00tC-1w2014-02-27yBK